[Event "Commonwealth Championship 3rd"]
[Site "Docklands, London"]
[Date "1985.02.16"]
[Round "1"]
[White "Friedgood, David"]
[Black "Hebden, Mark L"]
[Result "1/2-1/2"]
[WhiteElo "2305"]
[BlackElo "2480"]
[PlyCount "90"]
[EventDate "1985.02.16"]
[EventType "swiss"]
[EventRounds "11"]
[EventCountry "ENG"]
[SourceTitle "BritBase"]
[Source "John Saunders"]
[SourceDate "2022.12.30"]
[SourceVersion "1"]
[SourceVersionDate "2022.12.30"]
[SourceQuality "1"]

1. c4 g6 2. e4 Bg7 3. d4 d6 4. Nc3 Nf6 5. f3 a6 6. Nge2 c6 7. Be3 b5 8. cxb5
axb5 9. b4 O-O 10. Qd2 Nbd7 11. Nc1 Nb6 12. Nb3 Nc4 13. Bxc4 bxc4 14. Na5 Qc7
15. O-O c5 16. a3 cxb4 17. axb4 Be6 18. Rfc1 Rfc8 19. d5 Bd7 20. Bd4 e6 21.
Rab1 Qd8 22. dxe6 Bxe6 23. Nd5 Nxd5 24. exd5 c3 25. Rxc3 Bxd4+ 26. Qxd4 Rxc3
27. Qxc3 Qb6+ 28. Kh1 Bxd5 29. Rd1 Qb5 30. Qd4 Re8 31. h3 Re5 32. f4 Qe2 33.
Qd2 Bxg2+ 34. Kg1 Re8 35. Qxe2 Rxe2 36. b5 Bxh3 37. b6 Rg2+ 38. Kh1 Rb2 39.
Rxd6 Kg7 40. Rd3 Be6 41. b7 Bf5 42. Re3 Be6 43. Rd3 Bf5 44. Re3 Be6 45. Rd3 Bf5
1/2-1/2

[Event "Commonwealth Championship 3rd"]
[Site "Docklands, London"]
[Date "1985.02.16"]
[Round "1"]
[White "Hodgson, Julian M"]
[Black "Blackstock, Leslie Steven F"]
[Result "1/2-1/2"]
[WhiteElo "2455"]
[BlackElo "2275"]
[PlyCount "129"]
[EventDate "1985.02.16"]
[EventType "swiss"]
[EventRounds "11"]
[EventCountry "ENG"]
[SourceTitle "BritBase"]
[Source "John Saunders"]
[SourceDate "2022.12.30"]
[SourceVersion "1"]
[SourceVersionDate "2022.12.30"]
[SourceQuality "1"]

1. e4 e5 2. Nf3 Nc6 3. Bc4 Nf6 4. d3 Be7 5. Bb3 O-O 6. O-O d6 7. c3 h6 8. Nbd2
Re8 9. Re1 Bf8 10. Nf1 Na5 11. Bc2 c5 12. h3 Nc6 13. Ng3 g6 14. a3 Bg7 15. Be3
b6 16. Qd2 Kh7 17. d4 cxd4 18. cxd4 exd4 19. Nxd4 Nxd4 20. Bxd4 Bb7 21. Rad1
Qc7 22. h4 Rad8 23. h5 d5 24. exd5 Rxe1+ 25. Rxe1 Rxd5 26. hxg6+ fxg6 27. Qd3
Rg5 28. Re6 Qf7 29. Qe2 Nd5 30. Bxg7 Nf4 31. Qd2 Nxe6 32. Bc3 Ng7 33. Ne4 Bxe4
34. Bxe4 Rc5 35. Qd8 Rxc3 36. bxc3 Ne6 37. Qd6 Nc5 38. Bd5 Qg7 39. c4 h5 40. g3
Kh6 41. Kg2 Kh7 42. Qd8 Kh6 43. Bg8 Ne4 44. Qd5 Nf6 45. Qd2+ g5 46. Be6 Qe7 47.
Qe3 Ne8 48. Qe4 Nc7 49. Bf5 Qxe4+ 50. Bxe4 Kg7 51. f4 gxf4 52. gxf4 Kf6 53. Kf3
Ne6 54. Ke3 h4 55. Bg2 Nc5 56. Bh3 Nb3 57. Bg4 Nc5 58. Kd4 Ne6+ 59. Ke4 Nc5+
60. Kd5 Nd3 61. Kc6 Nxf4 62. Kb7 Ke5 63. Kxa7 Kd4 64. Kxb6 Kxc4 65. a4 1/2-1/2

[Event "Commonwealth Championship 3rd"]
[Site "Docklands, London"]
[Date "1985.02.16"]
[Round "1"]
[White "Jackson, Sheila"]
[Black "Hanreck, Alan E"]
[Result "1-0"]
[WhiteElo "2235"]
[BlackElo "2275"]
[PlyCount "81"]
[EventDate "1985.02.16"]
[EventType "swiss"]
[EventRounds "11"]
[EventCountry "ENG"]
[SourceTitle "BritBase"]
[Source "John Saunders"]
[SourceDate "2022.12.30"]
[SourceVersion "1"]
[SourceVersionDate "2022.12.30"]
[SourceQuality "1"]

1. e4 c5 2. c3 d5 3. exd5 Qxd5 4. d4 Nf6 5. Nf3 Bg4 6. Be2 e6 7. O-O Nc6 8. h3
Bh5 9. Be3 cxd4 10. Nxd4 Bxe2 11. Qxe2 Bd6 12. Nb5 Bb8 13. Rd1 Qe5 14. f4 Qf5
15. g4 Qe4 16. Nd2 Qc2 17. Rdc1 Qa4 18. b3 Qa6 19. c4 O-O 20. g5 Nd7 21. Ne4
Ne7 22. Rd1 Qc6 23. Ng3 e5 24. f5 e4 25. Nd4 Qc7 26. Nxe4 Qe5 27. Qf3 Re8 28.
Nf2 Nb6 29. Ng4 Qg3+ 30. Qxg3 Bxg3 31. f6 Ng6 32. fxg7 Be5 33. Nh6+ Kxg7 34.
Ndf5+ Kh8 35. Nxf7+ Kg8 36. N5h6+ Kg7 37. Nxe5 Nxe5 38. Bd4 Kg6 39. Bxe5 Rxe5
40. Rd6+ Kh5 41. Nf7 1-0

[Event "Commonwealth Championship 3rd"]
[Site "Docklands, London"]
[Date "1985.02.16"]
[Round "1"]
[White "Jamieson, Peter McKeich"]
[Black "Short, Nigel D"]
[Result "0-1"]
[WhiteElo "2315"]
[BlackElo "2535"]
[PlyCount "74"]
[EventDate "1985.02.16"]
[EventType "swiss"]
[EventRounds "11"]
[EventCountry "ENG"]
[SourceTitle "BritBase"]
[Source "John Saunders"]
[SourceDate "2022.12.30"]
[SourceVersion "1"]
[SourceVersionDate "2022.12.30"]
[SourceQuality "1"]

1. d4 Nf6 2. Nf3 b6 3. c4 e6 4. Nc3 Bb4 5. Bg5 Bb7 6. Qc2 h6 7. Bf4 Ne4 8. h4
Bxc3+ 9. bxc3 d6 10. e3 Nd7 11. Bd3 f5 12. g4 Nef6 13. d5 fxg4 14. Nd4 Nc5 15.
Bg6+ Kf8 16. O-O-O e5 17. Bg3 exd4 18. exd4 Ncd7 19. h5 b5 20. c5 Bxd5 21. cxd6
cxd6 22. Bxd6+ Kg8 23. Rhe1 Rc8 24. Re3 Qb6 25. Be7 a5 26. Qf5 Qc6 27. Rd2 b4
28. Rc2 b3 29. axb3 Bxb3 30. Rce2 Qa4 31. Qb1 Bd5 32. Rc2 Bf7 33. Qb7 Rb8 34.
Qa6 Bc4 35. Qd6 Qa1+ 36. Kd2 Rb1 37. Rd3 Re1 0-1

[Event "Commonwealth Championship 3rd"]
[Site "Docklands, London"]
[Date "1985.02.16"]
[Round "1"]
[White "Knott, Simon JB"]
[Black "Johansen, Darryl Keith"]
[Result "1/2-1/2"]
[WhiteElo "2260"]
[BlackElo "2425"]
[PlyCount "85"]
[EventDate "1985.02.16"]
[EventType "swiss"]
[EventRounds "11"]
[EventCountry "ENG"]
[SourceTitle "BritBase"]
[Source "John Saunders"]
[SourceDate "2022.12.30"]
[SourceVersion "1"]
[SourceVersionDate "2022.12.30"]
[SourceQuality "1"]

1. c4 f5 2. Nf3 g6 3. g3 Bg7 4. d4 Nf6 5. Bg2 O-O 6. O-O d6 7. Nc3 Qe8 8. d5
Na6 9. Nd4 Bd7 10. Rb1 c6 11. b4 c5 12. bxc5 Nxc5 13. Ba3 Rc8 14. e3 Ng4 15.
Nce2 Ne5 16. Bxc5 Ba4 17. Qd2 Nxc4 18. Qe1 dxc5 19. Ne6 Nd6 20. Nc3 Bc2 21. Rc1
Bd3 22. e4 fxe4 23. Nxe4 Nxe4 24. Bxe4 Bxf1 25. Kxf1 Qa4 26. Qe2 Qa3 27. Rc2
Rf6 28. d6 exd6 29. Bd5 Rcf8 30. Nxf8+ Kxf8 31. Qe4 Rf5 32. Re2 Be5 33. Kg2 Qb4
34. f4 Qxe4+ 35. Bxe4 Bf6 36. Bxf5 gxf5 37. Re6 Be7 38. Rh6 Kg7 39. Re6 Kf7 40.
Rh6 Kg7 41. Re6 Kf7 42. Rh6 Kg7 43. Re6 1/2-1/2

[Event "Commonwealth Championship 3rd"]
[Site "Docklands, London"]
[Date "1985.02.16"]
[Round "1"]
[White "Lalic, Susan Kathryn"]
[Black "Tilak, Sharad"]
[Result "1-0"]
[WhiteElo "2010"]
[BlackElo "2280"]
[PlyCount "65"]
[EventDate "1985.02.16"]
[EventType "swiss"]
[EventRounds "11"]
[EventCountry "ENG"]
[SourceTitle "BritBase"]
[Source "John Saunders"]
[SourceDate "2022.12.30"]
[SourceVersion "1"]
[SourceVersionDate "2022.12.30"]
[SourceQuality "1"]

1. e4 c5 2. c3 d5 3. exd5 Qxd5 4. d4 Nc6 5. Nf3 e6 6. Be2 Nf6 7. O-O cxd4 8.
cxd4 Be7 9. Nc3 Qd6 10. Bg5 O-O 11. Bxf6 Bxf6 12. Ne4 Qd8 13. Rc1 Be7 14. a3
Qb6 15. Rc2 Rd8 16. Rd2 Bd7 17. Nc5 Be8 18. b4 Bf6 19. Bc4 a5 20. Na4 Qc7 21.
b5 Ne7 22. Qe2 Rac8 23. Bb3 Qd6 24. Nc5 Qb6 25. a4 Nd5 26. Ne5 Qc7 27. Rc2 Qe7
28. Rd1 Nb4 29. Rc3 Bxe5 30. Qxe5 b6 31. Nxe6 fxe6 32. Qxe6+ Qf7 33. Rxc8 1-0

[Event "Commonwealth Championship 3rd"]
[Site "Docklands, London"]
[Date "1985.02.16"]
[Round "1"]
[White "Littlewood, Paul E"]
[Black "Barber, Haydn"]
[Result "1-0"]
[WhiteElo "2445"]
[BlackElo "2270"]
[PlyCount "91"]
[EventDate "1985.02.16"]
[EventType "swiss"]
[EventRounds "11"]
[EventCountry "ENG"]
[SourceTitle "BritBase"]
[Source "John Saunders"]
[SourceDate "2022.12.30"]
[SourceVersion "1"]
[SourceVersionDate "2022.12.30"]
[SourceQuality "1"]

1. d4 f5 2. Nf3 g6 3. g3 Nf6 4. b3 Bg7 5. Bb2 O-O 6. Bg2 d6 7. c4 Ne4 8. O-O
Nc6 9. Nbd2 Nxd2 10. Qxd2 e5 11. dxe5 dxe5 12. Qd5+ Kh8 13. Qxd8 Rxd8 14. Ng5
Rf8 15. Bxc6 bxc6 16. Rfd1 h6 17. Nf3 Re8 18. Rd2 g5 19. Rad1 Bf6 20. Ne1 Kg7
21. Nd3 Kf7 22. Nc5 h5 23. f3 f4 24. Kf2 Kg6 25. Nd7 Kf5 26. e3 fxg3+ 27. hxg3
Bxd7 28. Rxd7 Rad8 29. Ke2 Rxd7 30. Rxd7 Re7 31. Rd1 h4 32. Kf2 Rf7 33. gxh4
gxh4 34. e4+ Ke6 35. Bc1 Rg7 36. Rh1 Kf7 37. Be3 a6 38. Rh2 Kg6 39. Rg2+ Kh5
40. Rxg7 Bxg7 41. Bc5 Bf6 42. Kg2 Kg5 43. b4 Kg6 44. a4 Bg5 45. a5 Bd2 46. b5
1-0

[Event "Commonwealth Championship 3rd"]
[Site "Docklands, London"]
[Date "1985.02.16"]
[Round "1"]
[White "Nunn, John DM"]
[Black "Carr, Neil L"]
[Result "1-0"]
[WhiteElo "2615"]
[BlackElo "2325"]
[PlyCount "79"]
[EventDate "1985.02.16"]
[EventType "swiss"]
[EventRounds "11"]
[EventCountry "ENG"]
[SourceTitle "BritBase"]
[Source "John Saunders"]
[SourceDate "2022.12.30"]
[SourceVersion "1"]
[SourceVersionDate "2022.12.30"]
[SourceQuality "1"]

1. e4 d6 2. d4 Nf6 3. Nc3 g6 4. g3 Bg7 5. Bg2 O-O 6. Nge2 e5 7. h3 c6 8. a4 Be6
9. O-O d5 10. Bg5 Qd7 11. exd5 Nxd5 12. dxe5 Nxc3 13. Nxc3 Qxd1 14. Raxd1 Bxe5
15. Rfe1 Bxc3 16. bxc3 Kg7 17. Bf4 Re8 18. Rb1 Re7 19. Red1 Bd5 20. c4 Bxg2 21.
Kxg2 Na6 22. Bd6 Re4 23. Rxb7 Kg8 24. Rd7 Rxc4 25. Be5 Kf8 26. Bf6 Re4 27. Rd8+
Rxd8 28. Rxd8+ Re8 29. Rd7 Re6 30. Bg5 Nb4 31. Rxa7 Nxc2 32. a5 Nd4 33. a6 Nb5
34. Bh6+ Ke8 35. Ra8+ Kd7 36. a7 Nc7 37. Rf8 Re8 38. Rxf7+ Re7 39. Rf3 Re8 40.
Bg5 1-0

[Event "Commonwealth Championship 3rd"]
[Site "Docklands, London"]
[Date "1985.02.16"]
[Round "1"]
[White "Orr, Mark JL"]
[Black "Chandler, Murray G"]
[Result "0-1"]
[WhiteElo "2320"]
[BlackElo "2585"]
[PlyCount "88"]
[EventDate "1985.02.16"]
[EventType "swiss"]
[EventRounds "11"]
[EventCountry "ENG"]
[SourceTitle "BritBase"]
[Source "John Saunders"]
[SourceDate "2022.12.30"]
[SourceVersion "1"]
[SourceVersionDate "2022.12.30"]
[SourceQuality "1"]

1. Nf3 Nf6 2. c4 c5 3. Nc3 Nc6 4. d4 cxd4 5. Nxd4 e6 6. g3 Qb6 7. Nb3 d5 8.
cxd5 Nxd5 9. Bg2 Nxc3 10. bxc3 Be7 11. O-O O-O 12. Be3 Qc7 13. c4 e5 14. c5 Be6
15. Qd3 Rfd8 16. Qb5 Rd7 17. Rad1 Rad8 18. Rxd7 Rxd7 19. Nc1 h6 20. a3 a6 21.
Qb6 Qxb6 22. cxb6 Nd4 23. Bxd4 exd4 24. a4 Bc5 25. Nd3 Bxb6 26. Rb1 Rd6 27.
Bxb7 a5 28. Ba6 g5 29. Bb5 Kg7 30. Ne5 Bc5 31. Nc4 Bxc4 32. Bxc4 Bb4 33. Bb5
Kf6 34. Rc1 Bc3 35. Bd3 Rc6 36. Kg2 Ke5 37. Rf1 Bd2 38. Rb1 Bb4 39. Rf1 Bd2 40.
Rb1 Bb4 41. Rf1 f5 42. f4+ gxf4 43. Rxf4 Rf6 44. g4 Kxf4 0-1

[Event "Commonwealth Championship 3rd"]
[Site "Docklands, London"]
[Date "1985.02.16"]
[Round "1"]
[White "Spraggett, Kevin"]
[Black "Nicholson, John G"]
[Result "1-0"]
[WhiteElo "2560"]
[BlackElo "2310"]
[PlyCount "121"]
[EventDate "1985.02.16"]
[EventType "swiss"]
[EventRounds "11"]
[EventCountry "ENG"]
[SourceTitle "BritBase"]
[Source "John Saunders"]
[SourceDate "2022.12.30"]
[SourceVersion "1"]
[SourceVersionDate "2022.12.30"]
[SourceQuality "1"]

1. c4 c5 2. Nf3 Nf6 3. Nc3 e6 4. g3 b6 5. Bg2 Bb7 6. O-O Be7 7. d4 cxd4 8. Qxd4
d6 9. Bg5 a6 10. Bxf6 Bxf6 11. Qd3 Ra7 12. Rad1 Be7 13. Ne4 O-O 14. Rd2 Bxe4
15. Qxe4 Qc8 16. b3 b5 17. Rc2 Rc7 18. Rfc1 bxc4 19. Rxc4 Rxc4 20. Qxc4 Qxc4
21. Rxc4 d5 22. Rc2 Bf6 23. e3 e5 24. Bf1 Rd8 25. Rc7 g6 26. h4 Kg7 27. Bh3 Rd6
28. Bf1 h6 29. a3 e4 30. Nd2 Bb2 31. Nb1 Nc6 32. Bxa6 d4 33. Be2 dxe3 34. fxe3
Bc1 35. Nc3 Bxe3+ 36. Kg2 Nd4 37. Nxe4 Re6 38. Bd3 Nxb3 39. Bc4 Rxe4 40. Bxb3
Bd4 41. Rxf7+ Kh8 42. Rb7 Re3 43. a4 Be5 44. a5 Rxg3+ 45. Kf2 Rc3 46. a6 Bd4+
47. Ke2 Re3+ 48. Kd2 Rh3 49. Rd7 Rxb3 50. Rxd4 Ra3 51. Rd6 Kg7 52. Kc2 Ra5 53.
Kb3 Kf7 54. Kb4 Ra1 55. Kb5 g5 56. Rxh6 gxh4 57. Rxh4 Ra2 58. Ra4 Rb2+ 59. Ka5
Rd2 60. a7 Rd5+ 61. Kb4 1-0

[Event "Commonwealth Championship 3rd"]
[Site "Docklands, London"]
[Date "1985.02.17"]
[Round "2"]
[White "Blackstock, Leslie Steven F"]
[Black "Martin, Andrew D"]
[Result "0-1"]
[WhiteElo "2275"]
[BlackElo "2425"]
[PlyCount "66"]
[EventDate "1985.02.16"]
[EventType "swiss"]
[EventRounds "11"]
[EventCountry "ENG"]
[SourceTitle "BritBase"]
[Source "John Saunders"]
[SourceDate "2022.12.30"]
[SourceVersion "1"]
[SourceVersionDate "2022.12.30"]
[SourceQuality "1"]

1. d4 Nf6 2. c4 e6 3. Nc3 c5 4. d5 exd5 5. cxd5 d6 6. e4 g6 7. Bd3 Bg7 8. Nge2
O-O 9. O-O b6 10. a4 Na6 11. Bg5 Nb4 12. Bb1 Re8 13. f4 Ba6 14. Nb5 Bxb5 15.
axb5 Qd7 16. Bxf6 Bxf6 17. Nc3 a6 18. bxa6 Rxa6 19. Rxa6 Nxa6 20. e5 dxe5 21.
Ne4 Bg7 22. f5 Nb4 23. d6 Rd8 24. fxg6 hxg6 25. Qb3 Qe6 26. Qxe6 fxe6 27. Ng5
Rxd6 28. Bxg6 Bh6 29. Ne4 Rd4 30. Ng3 Be3+ 31. Kh1 Nd3 32. Bxd3 Rxd3 33. h4 Rd4
0-1

[Event "Commonwealth Championship 3rd"]
[Site "Docklands, London"]
[Date "1985.02.17"]
[Round "2"]
[White "Borg, Geoffrey"]
[Black "Spraggett, Kevin"]
[Result "0-1"]
[WhiteElo "2360"]
[BlackElo "2560"]
[PlyCount "64"]
[EventDate "1985.02.16"]
[EventType "swiss"]
[EventRounds "11"]
[EventCountry "ENG"]
[SourceTitle "BritBase"]
[Source "John Saunders"]
[SourceDate "2022.12.30"]
[SourceVersion "1"]
[SourceVersionDate "2022.12.30"]
[SourceQuality "1"]

1. e4 c5 2. c3 Nf6 3. e5 Nd5 4. d4 cxd4 5. Nf3 e6 6. cxd4 b6 7. Nc3 Bb7 8. Bd3
Nxc3 9. bxc3 Qc7 10. Bd2 d6 11. O-O Nd7 12. Bf4 Be7 13. Re1 O-O 14. Re3 g6 15.
Rc1 dxe5 16. Nxe5 Nxe5 17. Bxe5 Bd6 18. Qg4 Bxe5 19. Rxe5 Rad8 20. h4 Rd5 21.
Rxd5 Bxd5 22. Rc2 Bc4 23. Qe2 Rc8 24. Rd2 Bxd3 25. Rxd3 Qf4 26. Re3 Qxh4 27.
Rxe6 Rxc3 28. Re8+ Kg7 29. Qd2 Rc4 30. d5 Qd4 31. Qxd4+ Rxd4 32. Re7 Rd1+ 0-1

[Event "Commonwealth Championship 3rd"]
[Site "Docklands, London"]
[Date "1985.02.17"]
[Round "2"]
[White "Caiafas, Theophilus"]
[Black "Thipsay, Praveen Mahadeo"]
[Result "0-1"]
[WhiteElo "2205"]
[BlackElo "2470"]
[PlyCount "47"]
[EventDate "1985.02.16"]
[EventType "swiss"]
[EventRounds "11"]
[EventCountry "ENG"]
[SourceTitle "BritBase"]
[Source "John Saunders"]
[SourceDate "2022.12.30"]
[SourceVersion "1"]
[SourceVersionDate "2022.12.30"]
[SourceQuality "1"]

1. d4 Nf6 2. c4 g6 3. Nc3 Bg7 4. e4 d6 5. Be2 O-O 6. Nf3 e5 7. O-O Nc6 8. d5
Ne7 9. Ne1 Nd7 10. Nd3 f5 11. f4 exf4 12. Bxf4 fxe4 13. Nxe4 Nf5 14. Qd2 Nf6
15. Bg5 Nxe4 16. Bxd8 Nxd2 17. Rfd1 Nxc4 18. Bxc7 Nd4 19. Bf1 Rf7 20. Re1 Rxc7
21. Re8+ Kf7 22. Rae1 Ne5 23. Rd8 Rd7 24. Rxd7+ 0-1

[Event "Commonwealth Championship 3rd"]
[Site "Docklands, London"]
[Date "1985.02.17"]
[Round "2"]
[White "Chandler, Murray G"]
[Black "Howell, James C"]
[Result "1-0"]
[WhiteElo "2485"]
[BlackElo "2395"]
[PlyCount "77"]
[EventDate "1985.02.16"]
[EventType "swiss"]
[EventRounds "11"]
[EventCountry "ENG"]
[SourceTitle "BritBase"]
[Source "John Saunders"]
[SourceDate "2022.12.30"]
[SourceVersion "1"]
[SourceVersionDate "2022.12.30"]
[SourceQuality "1"]

1. e4 c5 2. Nf3 d6 3. d4 cxd4 4. Nxd4 Nf6 5. Nc3 a6 6. Be2 e5 7. Nb3 Be7 8. O-O
O-O 9. Qd3 Be6 10. Nd5 Bxd5 11. exd5 Nbd7 12. c4 Ne8 13. Be3 a5 14. Rac1 a4 15.
Nd2 Nc5 16. Qc2 Bg5 17. Bxg5 Qxg5 18. b4 axb3 19. axb3 Nf6 20. b4 Na6 21. Rb1
Qf4 22. Rfd1 Ra7 23. g3 Qd4 24. Nf1 Qb6 25. c5 dxc5 26. Bxa6 Rxa6 27. bxc5 Qa7
28. Ne3 g6 29. Rb5 Rc8 30. Qb2 Rxc5 31. Rxb7 Ra2 32. Rb8+ Kg7 33. Qxe5 Rc4 34.
Rb2 Ra1 35. Rbd2 Rcc1 36. d6 h5 37. d7 Qxe3 38. Qxe3 Rxd1+ 39. Kg2 1-0

[Event "Commonwealth Championship 3rd"]
[Site "Docklands, London"]
[Date "1985.02.17"]
[Round "2"]
[White "Clemance, Philip A"]
[Black "Vaidya, Arun Bhaskar"]
[Result "1-0"]
[WhiteElo "2220"]
[BlackElo "2310"]
[PlyCount "55"]
[EventDate "1985.02.16"]
[EventType "swiss"]
[EventRounds "11"]
[EventCountry "ENG"]
[SourceTitle "BritBase"]
[Source "John Saunders"]
[SourceDate "2022.12.30"]
[SourceVersion "1"]
[SourceVersionDate "2022.12.30"]
[SourceQuality "1"]

1. e4 c5 2. Nf3 e6 3. d4 cxd4 4. Nxd4 Nf6 5. Nc3 d6 6. Be2 Be7 7. O-O Nc6 8.
Be3 O-O 9. f4 e5 10. Nb3 exf4 11. Rxf4 Ne8 12. Rf2 Bh4 13. Rf1 Bf6 14. Qd2 Be5
15. Nd4 Nxd4 16. Bxd4 Be6 17. Qe3 a6 18. Rad1 Qc7 19. Bd3 Rc8 20. Nd5 Bxd4 21.
Qxd4 Qc5 22. Qxc5 Rxc5 23. b4 Bxd5 24. bxc5 Bc6 25. cxd6 Nxd6 26. e5 Ne4 27.
Bc4 Nc5 28. Rxf7 1-0

[Event "Commonwealth Championship 3rd"]
[Site "Docklands, London"]
[Date "1985.02.17"]
[Round "2"]
[White "Gallagher, Joseph G"]
[Black "Nunn, John DM"]
[Result "0-1"]
[WhiteElo "2370"]
[BlackElo "2615"]
[PlyCount "64"]
[EventDate "1985.02.16"]
[EventType "swiss"]
[EventRounds "11"]
[EventCountry "ENG"]
[SourceTitle "BritBase"]
[Source "John Saunders"]
[SourceDate "2022.12.30"]
[SourceVersion "1"]
[SourceVersionDate "2022.12.30"]
[SourceQuality "1"]

1. e4 c5 2. Nf3 d6 3. d4 Nf6 4. Nc3 cxd4 5. Nxd4 a6 6. f4 e5 7. Nf3 Nbd7 8. a4
Be7 9. Bc4 O-O 10. O-O Qb6+ 11. Kh1 exf4 12. a5 Qc7 13. Bd5 Ne5 14. Bxf4 Be6
15. Nd4 Bxd5 16. exd5 Rfe8 17. Nf5 Bf8 18. Qd4 Rac8 19. Bg5 Nfd7 20. Ne4 g6 21.
Nexd6 gxf5 22. Nxc8 Qxc8 23. c3 h6 24. Bh4 Nc5 25. Qf2 Ng6 26. Bg3 f4 27. Bxf4
Nd3 28. Qf3 Ndxf4 29. g3 Qf5 30. gxf4 Nh4 31. Qg3+ Kh7 32. b4 Be7 0-1

[Event "Commonwealth Championship 3rd"]
[Site "Docklands, London"]
[Date "1985.02.17"]
[Round "2"]
[White "Hebden, Mark L"]
[Black "Knott, Simon JB"]
[Result "1/2-1/2"]
[WhiteElo "2480"]
[BlackElo "2260"]
[PlyCount "105"]
[EventDate "1985.02.16"]
[EventType "swiss"]
[EventRounds "11"]
[EventCountry "ENG"]
[SourceTitle "BritBase"]
[Source "John Saunders"]
[SourceDate "2022.12.30"]
[SourceVersion "1"]
[SourceVersionDate "2022.12.30"]
[SourceQuality "1"]

1. e4 e6 2. d4 d5 3. Nc3 Bb4 4. e5 c5 5. Qg4 Ne7 6. Nf3 Nbc6 7. a3 Bxc3+ 8.
bxc3 Qa5 9. Bd2 Bd7 10. dxc5 O-O-O 11. Bd3 f5 12. Qg3 g5 13. Nd4 Rdg8 14. Qe3
Qxc5 15. Nxc6 Qxe3+ 16. Bxe3 Nxc6 17. O-O f4 18. Bc5 g4 19. Rfe1 Rg5 20. c4 Re8
21. Bd6 f3 22. Rad1 fxg2 23. c3 d4 24. Re4 dxc3 25. Rc1 Ne7 26. Re2 Bc6 27. Be4
Bxe4 28. Rxe4 Nc6 29. Rxc3 h5 30. Kxg2 Rf5 31. h3 gxh3+ 32. Rxh3 Rg8+ 33. Rg3
Rxg3+ 34. Kxg3 b6 35. f4 Kb7 36. Kf3 Na5 37. Rd4 Kc6 38. Be7 Nb7 39. Bf6 Kc7
40. Rd1 Kc6 41. Rg1 Nc5 42. Ke3 b5 43. cxb5+ Kxb5 44. Be7 Na6 45. Bd6 h4 46.
Rg5 Rf7 47. Rh5 Nc7 48. Ke4 Nd5 49. Rxh4 a5 50. Kf3 Kc6 51. Rg4 Kd7 52. a4 Kc6
53. Rh4 1/2-1/2

[Event "Commonwealth Championship 3rd"]
[Site "Docklands, London"]
[Date "1985.02.17"]
[Round "2"]
[White "Lalic, Susan Kathryn"]
[Black "Speelman, Jonathan S"]
[Result "0-1"]
[WhiteElo "2010"]
[BlackElo "2530"]
[PlyCount "74"]
[EventDate "1985.02.16"]
[EventType "swiss"]
[EventRounds "11"]
[EventCountry "ENG"]
[SourceTitle "BritBase"]
[Source "John Saunders"]
[SourceDate "2022.12.30"]
[SourceVersion "1"]
[SourceVersionDate "2022.12.30"]
[SourceQuality "1"]

1. e4 c5 2. c3 d5 3. exd5 Qxd5 4. d4 Nf6 5. Nf3 Bg4 6. Be2 e6 7. O-O Nbd7 8. h3
Bh5 9. Bf4 cxd4 10. cxd4 Qa5 11. Nc3 Be7 12. Ne5 Bxe2 13. Qxe2 Nd5 14. Nxd5
Qxd5 15. Nxd7 Kxd7 16. Qe5 Rhc8 17. Rac1 Qxe5 18. dxe5 Rxc1 19. Rxc1 Rc8 20.
Rxc8 Kxc8 21. Kf1 Kc7 22. Ke2 Kc6 23. Kd3 Kd5 24. Be3 a6 25. f4 Bh4 26. Bd2 g5
27. Ke3 gxf4+ 28. Kxf4 Bd8 29. Bc3 Bc7 30. h4 f6 31. h5 Bxe5+ 32. Bxe5 fxe5+
33. Ke3 e4 34. b4 b5 35. h6 Ke5 36. g3 Kf5 37. Kd4 Kg5 0-1

[Event "Commonwealth Championship 3rd"]
[Site "Docklands, London"]
[Date "1985.02.17"]
[Round "2"]
[White "Law, Andrew P"]
[Black "Murshed, Niaz"]
[Result "1-0"]
[WhiteElo "2355"]
[BlackElo "2415"]
[PlyCount "73"]
[EventDate "1985.02.16"]
[EventType "swiss"]
[EventRounds "11"]
[EventCountry "ENG"]
[SourceTitle "BritBase"]
[Source "John Saunders"]
[SourceDate "2022.12.30"]
[SourceVersion "1"]
[SourceVersionDate "2022.12.30"]
[SourceQuality "1"]

1. d4 Nf6 2. c4 e6 3. Nc3 c5 4. d5 exd5 5. cxd5 d6 6. e4 g6 7. f4 Bg7 8. Bb5+
Nfd7 9. a4 O-O 10. Nf3 Na6 11. O-O Nc7 12. Bd3 Rb8 13. Kh1 a6 14. a5 b5 15.
axb6 Rxb6 16. Nd2 Rb4 17. Nc4 Nb6 18. Na5 Bd7 19. Nb7 Qf6 20. e5 dxe5 21. Nxc5
exf4 22. N3e4 Qd8 23. Bxf4 Ncxd5 24. Bg5 f6 25. Bc1 f5 26. Nxd7 Qxd7 27. Nc5
Qd6 28. Nxa6 Rd4 29. Qf3 Be5 30. Bh6 Rh4 31. Bxf8 Rxh2+ 32. Kg1 Bd4+ 33. Rf2
Kxf8 34. Rd1 Rh5 35. Rdd2 Rh4 36. g3 Rg4 37. Qxg4 1-0

[Event "Commonwealth Championship 3rd"]
[Site "Docklands, London"]
[Date "1985.02.17"]
[Round "2"]
[White "Pein, Malcolm"]
[Black "Jackson, Sheila"]
[Result "1/2-1/2"]
[WhiteElo "2370"]
[BlackElo "2235"]
[PlyCount "103"]
[EventDate "1985.02.16"]
[EventType "swiss"]
[EventRounds "11"]
[EventCountry "ENG"]
[SourceTitle "BritBase"]
[Source "John Saunders"]
[SourceDate "2022.12.30"]
[SourceVersion "1"]
[SourceVersionDate "2022.12.30"]
[SourceQuality "1"]

1. d4 Nf6 2. Nf3 e6 3. Bg5 d5 4. Nbd2 Be7 5. e3 Nbd7 6. Bd3 h6 7. Bh4 O-O 8.
O-O b6 9. c3 Bb7 10. Ne5 Ne4 11. Bxe7 Qxe7 12. Nxd7 Qxd7 13. Bxe4 dxe4 14. Qc2
f5 15. Nc4 a5 16. Ne5 Qd6 17. a3 a4 18. Rfd1 Rfd8 19. Rd2 c5 20. Rad1 Qc7 21.
c4 Rd6 22. h3 Kh7 23. g3 cxd4 24. Rxd4 Rxd4 25. exd4 b5 26. Qe2 bxc4 27. Qxc4
Qxc4 28. Nxc4 Bd5 29. Nb6 Rb8 30. Nxd5 exd5 31. Rc1 Rxb2 32. Rc5 Rb3 33. Rxd5
Kg6 34. Re5 Rxa3 35. g4 fxg4 36. hxg4 Rd3 37. Rxe4 a3 38. Re6+ Kg5 39. Kg2 Rxd4
40. Ra6 Rxg4+ 41. Kf3 Rb4 42. Rxa3 h5 43. Kg3 h4+ 44. Kh3 Kh5 45. Kg2 Kg4 46.
Rf3 g5 47. Ra3 Kf4 48. Rf3+ Kg4 49. Ra3 Kf5 50. Rf3+ Rf4 51. Ra3 Re4 52. Rf3+
1/2-1/2